00907nam a2200217 4500003001100000005001700011008004100028020001500069040003900084041000800123082001600131100002100147245008800168260008300256300002400339490005700363650005300420650004700473650001900520856015000539LK-CoMWRAF20231203123149.0231203b2004 |||||||| |||| 00| 0 eng d a9834240007 aLK-CoMWRAFdLK-CoMWRAFeLK-CoMWRAF aeng a362.88bDAI aDairiam, Shanthi aThe status of cedaw implementation in Asean countries and selected muslim countries aKuala Lumpur: bInternational Women's Rights Action Watch Asia Pacific, c2004 a ii, 26 p. ; 22 cm. a IWRAW Asia Pacific occasional papers series vNo. 1 aSex discrimination against women- Southeast Asia aWomen, Violence against- Islamic countries aWomen's rights uhttps://www.iwraw-ap.org/wp-content/uploads/2004/10/OPS_1-THE-STATUS-OF-CEDAW-IMPLEMENTATION-IN-ASEAN-COUNTRIES-AND-SELECTED-MUSLIM-COUNTRIES.pdf